000 00527nam a2200169Ia 4500
008 090201s9999 xx 000 0 und d
010 _aKPL-72762
040 _bमराठी
041 _aमराठी
082 _a53188
_b72762
100 _aचंद्रकांत काकोडकर
245 _aमदहोश
_cचंद्रकांत काकोडकर
260 _c2007
_bसुकृत प्रकाशन
300 _a252
_bलहान
600 _aमदहोश
942 _cBOOK
999 _c249612
_d249612